Proje yönetimi (Record no. 12918)

MARC details
000 -BAŞLIK
Sabit Uzunlukta Kontrol Alanı 00745na a2200277 4500
999 ## - SİSTEM KONTROL NUMARALARI (KOHA)
Koha Biblionumber 12918
Koha Biblioitemnumber 12918
001 - KONTROL NUMARASI
Denetim Alanı 18188
003 - KONTROL NUMARASI IDENTIFIER
Denetim Alanı MIRAKIL
005 - SON İŞLEM TARİHİ VE ZAMANI
Denetim Alanı 20190313111833.0
008 - SABİT-BOY VERİ ELEMANLARI - GENEL BİLGİLER
Sabit Uzunlukta Kontrol Alanı 161114b tu 000 0
020 ## - ULUSLARARASI STANDART KİTAP NUMARASI
Uluslararası Standart Kitap Numarası 6053880448
040 ## - KATALOGLAMA KAYNAK
Orijinal Kataloglama Ajansı Milas
Kataloglama Dili tur
Metne Dönüştürmek Ajansı TR-AnCHP
041 ## - DİL KODU
Metin / Ses Parça Veya Ayrı Başlığın Dil Kodu tur
082 ## - DEWEY ONLU SINIFLANDIRMA NUMARASI
Sınıflandırma Numarası 358
Ürün Numarası Ü54p 2008
090 ## - SINIFLAMA NUMARASI
Sınıflama Numarası 358 Ü54p 2008
100 ## - ANA GİRİŞ - KİŞİSEL İSİM
Kişisel Ad Ünlü, Nafiz
245 ## - BAŞLIK TABLOSU
Başlık Proje yönetimi
Sorumluluk Tablosu, Vb Nafiz Ünlü
260 ## - YAYIN, DAĞITIM, VB
Yayın, Dağıtım, Vb Yeri İstanbul
Yayıncı, Dağıtıcı, Vs Adı Birleşik Tomurcuk
Yayın, Dağıtım, Vb Tarihi 2008
300 ## - FİZİKSEL TANIM
Kapsam 234 s.
Diğer Fiziksel Ayrıntıları tbl.;grf.; şkl.
Boyutlar 25 sm.
500 ## - GENEL NOT
Genel Not Yapıt yazarından imzalıdır.
504 ## - KAYNAKÇA VB NOT
Kaynakça Vb Notu Dizin var.
650 ## - KONU KATMA GİRİŞ - TOPİKAL DÖNEM
Topikal Süreli Veya Coğrafi Ad Giriş Elemanı Proje yönetimi
Genel Alt Bölümü Programlama
650 ## - KONU KATMA GİRİŞ - TOPİKAL DÖNEM
Topikal Süreli Veya Coğrafi Ad Giriş Elemanı Genel yönetim
Genel Alt Bölümü Proje yönetimi
Kronolojik Alt Bölümü Planlama
942 ## - EKLENDİ GİRİŞ ELEMANLARI (KOHA)
Sınıflandırma Veya Raf Düzeni Kaynak Dewey Decimal Classification
Koha Öğesi Türü Books
999 ## - SİSTEM KONTROL NUMARALARI (KOHA)
Koha Biblioitemnumber 12918
999 ## - SİSTEM KONTROL NUMARALARI (KOHA)
Koha Biblioitemnumber 3056
Holdings
Kalıcı Konum Mevcut Konum Edinme Tarihi Toplam Check-Out'Lar Tam Çağrı Numarası Barkod Tarih Son Görülme İtibaren Geçerli Fiyatlar Koha Öğesi Türü
Parti Okulu Kütüphanesi Parti Okulu Kütüphanesi 03/13/2019   358 Ü54p 2008 P00391 03/13/2019 03/13/2019 Books